000 01082cam a22002771i 4500
003 SA-RiAUC
005 20250718132455.0
008 250717s2007 ir g i000 0 ara c
040 _aSA-JeALM
_bara
_cSA-RiAUC.
_erda
050 4 _bN356 2009
082 0 4 _a252.5
_qSA-RiAUC
090 _a252.5
_bر س ت
100 1 _aرستم نجاد، مهدي
_eمؤلف.
245 1 2 _aالحج في الأحاديث المشتركة بين السنة والشيعة /
_cتأليف مهدي رستم نجاد.
250 _aالطبعة الأولى.
264 1 _aطهران :
_bالمجمع العالمي للتقريب بين المذاهب الإسلامية،
_c2009
300 _aمجلد ؛
_c24 سم
336 _aنص
_btxt
_2rdacontent
_3كتاب
337 _aبدون وسيط
_bn
_2rdamedia
338 _aمجلد
_bnc
_2rdacarrier
650 7 _aالحج (فقه إسلامي)
_2aucsh
650 7 _aالحج (فقه الشيعة)
_2aucsh
650 7 _aالحج في الحديث
_2aucsh
942 _2ddc
_cBOOK
_n0
949 _aSA-JeALM
_d250717
_umohamedma123
_n1
999 _c10045
_d10045